| 000 | 00744nam a2200253 a 4500 | ||
|---|---|---|---|
| 999 |
_c6967 _d6967 |
||
| 001 | 6967 | ||
| 003 | UkOxU | ||
| 005 | 20180217190203.0 | ||
| 008 | 880808s1950 enka 000 0 eng u | ||
| 035 | _a(OCoLC)19940597 | ||
| 040 |
_aUPM _dBD-JhCC |
||
| 041 | _aeng | ||
| 082 |
_a421.5 _bJOS 1950 |
||
| 100 | 1 |
_aJones, Daniel, _d1881-1967. |
|
| 245 | 1 | 4 |
_aThe pronunciation of English / _c Daniel Jones, |
| 250 | _a3d ed., entirely rev., enl., and reset | ||
| 260 |
_aCambridge : _bUniversity Press, _c1950 |
||
| 300 |
_axix, 223 p. : _billus., diagrs ; _c20 cm |
||
| 505 | 0 | _aPhonetic theory. - Phonetic texts | |
| 650 | 0 |
_aEnglish language _xPronunciation |
|
| 650 | 0 |
_aEnglish language _xPhonetics |
|
| 650 | 0 | _aPhonetics | |
| 942 |
_2ddc _cBK |
||